[Event "43. Olimpiada Batumi 2018 Femenina"]
[Site "Batumi GEO"]
[Date "2018.09.26"]
[Round "3.1"]
[White "Nouman, Amna"]
[Black "de Leon, Patricia"]
[Result "1/2-1/2"]
[WhiteElo "1909"]
[BlackElo "1929"]
[PlyCount "48"]
[EventDate "2018.09.24"]
[EventType "team-swiss"]
[EventRounds "11"]
[EventCountry "GEO"]
[SourceTitle "Ajedrez en Madrid"]
[Source "lmi"]
[SourceDate "2018.09.24"]
[WhiteTeam "United Arab Emirates"]
[BlackTeam "Uruguay"]
[WhiteTeamCountry "UAE"]
[BlackTeamCountry "URU"]

1. e4 e6 2. d4 d5 3. Nc3 dxe4 4. Nxe4 Nd7 5. Nf3 Ngf6 6. Bd3 Nxe4 7. Bxe4 Nf6
8. Bg5 Be7 9. Bxf6 Bxf6 10. Qd3 h6 11. Bxb7 Bxb7 12. Qb5+ Qd7 13. Qxb7 O-O 14.
O-O Rab8 15. Qxa7 Rxb2 16. c3 Qc6 17. Qa3 Rfb8 18. h3 Qc4 19. Qa7 R8b6 20. Qa8+
Rb8 21. Qa7 R8b6 22. Qa8+ Rb8 23. Qa7 R8b6 24. Qa8+ Rb8 1/2-1/2

[Event "43. Olimpiada Batumi 2018 Femenina"]
[Site "Batumi GEO"]
[Date "2018.09.26"]
[Round "3.2"]
[White "Silva Rosas, Natalia"]
[Black "Al Maamari, Wafia Darwish"]
[Result "1/2-1/2"]
[WhiteElo "1833"]
[BlackElo "1774"]
[PlyCount "130"]
[EventDate "2018.09.24"]
[EventType "team-swiss"]
[EventRounds "11"]
[EventCountry "GEO"]
[SourceTitle "Ajedrez en Madrid"]
[Source "lmi"]
[SourceDate "2018.09.24"]
[WhiteTeam "Uruguay"]
[BlackTeam "United Arab Emirates"]
[WhiteTeamCountry "URU"]
[BlackTeamCountry "UAE"]

1. e4 c5 2. Nc3 Nc6 3. f4 g6 4. Bb5 Nd4 5. Bc4 Bg7 6. Nb5 a6 7. Nxd4 cxd4 8.
Nf3 d6 9. O-O e6 10. c3 dxc3 11. bxc3 Nf6 12. Bd3 O-O 13. Kh1 b5 14. Rb1 Bb7
15. Qe1 Nd7 16. f5 Nc5 17. Bc2 exf5 18. exf5 Bd5 19. d4 Re8 20. Qg3 Ne4 21. Qh3
Qe7 22. Bxe4 Bxe4 23. fxg6 Bxb1 24. Qxh7+ Kf8 25. Bh6 Qf6 26. Qh8+ Ke7 27. Bxg7
Rxh8 28. Bxf6+ Kxf6 29. Rxb1 Kxg6 30. Kg1 Rac8 31. Rb3 Rc6 32. Nd2 Kf5 33. g3
Rhc8 34. Nb1 Ke4 35. Kf2 d5 36. Rb2 Rf6+ 37. Ke2 Rh8 38. Nd2+ Kf5 39. Nf3 Re8+
40. Kd3 Kg4 41. Ne5+ Kh3 42. a4 bxa4 43. Ra2 Ree6 44. c4 dxc4+ 45. Kxc4 Rf1 46.
Nd3 Rh6 47. Ne5 f5 48. d5 Rc1+ 49. Kd4 Rd1+ 50. Kc5 Rc1+ 51. Nc4 Rh8 52. Kd4
Re8 53. Rxa4 Kxh2 54. Nd6 Rd8 55. Rxa6 Rxd6 56. Rxd6 Kxg3 57. Rc6 Rd1+ 58. Ke5
f4 59. Rg6+ Kf2 60. d6 f3 61. Kf4 Rd4+ 62. Ke5 Rd1 63. Kf4 Rd4+ 64. Ke5 Rd1 65.
Kf4 Rd4+ 1/2-1/2

[Event "43. Olimpiada Batumi 2018 Femenina"]
[Site "Batumi GEO"]
[Date "2018.09.26"]
[Round "3.3"]
[White "Mariam, Essa"]
[Black "Malan, Lucia"]
[Result "1-0"]
[WhiteElo "1460"]
[BlackElo "1785"]
[PlyCount "69"]
[EventDate "2018.09.24"]
[EventType "team-swiss"]
[EventRounds "11"]
[EventCountry "GEO"]
[SourceTitle "Ajedrez en Madrid"]
[Source "lmi"]
[SourceDate "2018.09.24"]
[WhiteTeam "United Arab Emirates"]
[BlackTeam "Uruguay"]
[WhiteTeamCountry "UAE"]
[BlackTeamCountry "URU"]

1. e4 c5 2. Nc3 d6 3. f4 Nc6 4. Bb5 Bd7 5. Bxc6 Bxc6 6. Nf3 Nf6 7. d3 e6 8. O-O
Be7 9. Qe1 O-O 10. h3 Qc7 11. g4 Nd7 12. Qg3 d5 13. Bd2 b5 14. Rae1 Rfe8 15. e5
Nb6 16. f5 d4 17. Ne4 Bxe4 18. Rxe4 Nd5 19. Bf4 Qa5 20. a3 Qa4 21. Re2 b4 22.
f6 gxf6 23. exf6 Bxf6 24. Be5 Bxe5 25. Nxe5 f6 26. Qh4 Re7 27. Nc4 Qc6 28. axb4
cxb4 29. Rff2 a5 30. g5 Rg7 31. Rg2 fxg5 32. Rxg5 Raa7 33. Reg2 Qa4 34. Qxd4
Qa1+ 35. Kh2 1-0

[Event "43. Olimpiada Batumi 2018 Femenina"]
[Site "Batumi GEO"]
[Date "2018.09.26"]
[Round "3.4"]
[White "De Leon, Daiana"]
[Black "Rouda Essa, Alserkal"]
[Result "0-1"]
[WhiteElo "1633"]
[BlackElo "1494"]
[PlyCount "72"]
[EventDate "2018.09.24"]
[EventType "team-swiss"]
[EventRounds "11"]
[EventCountry "GEO"]
[SourceTitle "Ajedrez en Madrid"]
[Source "lmi"]
[SourceDate "2018.09.24"]
[WhiteTeam "Uruguay"]
[BlackTeam "United Arab Emirates"]
[WhiteTeamCountry "URU"]
[BlackTeamCountry "UAE"]

1. d4 Nf6 2. c4 g6 3. Nc3 Bg7 4. e4 d6 5. f3 O-O 6. Be3 a6 7. Qd2 Nc6 8. a3 e5
9. Nge2 Na5 10. Nc1 Nd7 11. b4 Nc6 12. d5 Nd4 13. N3e2 f5 14. Nxd4 exd4 15. Bg5
Qe8 16. Bd3 fxe4 17. Bxe4 Ne5 18. O-O Nxc4 19. Qc2 b5 20. Nd3 Bf5 21. Rfe1 Qd7
22. Ra2 Bxe4 23. Rxe4 Qf5 24. Qc1 Qxd5 25. Re7 Ne3 26. Qxc7 Nf5 27. Rae2 Nxe7
28. Rxe7 Rf7 29. Rxf7 Qxf7 30. Qxd6 Qf5 31. Qc6 Rf8 32. Be7 Rc8 33. Qxa6 Re8
34. Nc5 Rxe7 35. Qxb5 Qb1+ 36. Kf2 Qe1# 0-1

[Event "43. Olimpiada Batumi 2018 Femenina"]
[Site "Batumi GEO"]
[Date "2018.09.26"]
[Round "3.1"]
[White "Hoshino, Karen"]
[Black "Samaganova, Alexandra"]
[Result "0-1"]
[WhiteElo "1945"]
[BlackElo "2024"]
[PlyCount "80"]
[EventDate "2018.09.24"]
[EventType "team-swiss"]
[EventRounds "11"]
[EventCountry "GEO"]
[SourceTitle "Ajedrez en Madrid"]
[Source "lmi"]
[SourceDate "2018.09.24"]
[WhiteTeam "Japan"]
[BlackTeam "Kyrgyzstan"]
[WhiteTeamCountry "JPN"]
[BlackTeamCountry "KGZ"]

1. d4 Nf6 2. c4 e6 3. Nc3 Bb4 4. e3 b6 5. Nge2 Ne4 6. f3 Bxc3+ 7. bxc3 Nd6 8.
Ng3 Ba6 9. Qa4 O-O 10. Bd3 f5 11. Ba3 Rf7 12. O-O-O Bb7 13. c5 Bc6 14. Qb3 Nb7
15. c4 Na6 16. cxb6 axb6 17. Kb1 d5 18. cxd5 Bxd5 19. Qc3 c5 20. Bc4 Rd7 21.
Bb2 cxd4 22. Qxd4 Be4+ 23. fxe4 Rxd4 24. Bxe6+ Kh8 25. Rxd4 Qe7 26. exf5 Nac5
27. Nh5 Nxe6 28. fxe6 Qxe6 29. Nf4 Qxa2+ 30. Kc2 Rc8+ 31. Kd3 Nc5+ 32. Ke2
Qxb2+ 33. Kf3 Rf8 34. Kg3 g5 35. Nh3 Qe2 36. Rhd1 Qxe3+ 37. Kg4 Ne4 38. R1d3
Rf4+ 39. Nxf4 Qxf4+ 40. Kh5 Qh4# 0-1

[Event "43. Olimpiada Batumi 2018 Femenina"]
[Site "Batumi GEO"]
[Date "2018.09.26"]
[Round "3.2"]
[White "Omurbekova, Diana"]
[Black "Sakai, Azumi"]
[Result "1-0"]
[WhiteElo "1877"]
[BlackElo "1713"]
[PlyCount "133"]
[EventDate "2018.09.24"]
[EventType "team-swiss"]
[EventRounds "11"]
[EventCountry "GEO"]
[SourceTitle "Ajedrez en Madrid"]
[Source "lmi"]
[SourceDate "2018.09.24"]
[WhiteTeam "Kyrgyzstan"]
[BlackTeam "Japan"]
[WhiteTeamCountry "KGZ"]
[BlackTeamCountry "JPN"]

1. e4 e6 2. d3 d5 3. Nd2 Nf6 4. Ngf3 Be7 5. g3 c5 6. Bg2 Nc6 7. O-O O-O 8. e5
Nd7 9. Re1 b5 10. Nf1 a5 11. h4 b4 12. Bf4 Ba6 13. N1h2 a4 14. a3 bxa3 15. bxa3
Rb8 16. h5 Qc7 17. h6 g6 18. Ng4 Nd4 19. Nxd4 cxd4 20. Bxd5 Rb2 21. Rc1 Rc8 22.
Re2 Qc5 23. Bg2 Qxa3 24. Ra1 Qb4 25. c4 dxc3 26. Re4 c2 27. Qc1 Qc3 28. Rexa4
Nc5 29. Bd2 Qb3 30. Rb4 Rb1 31. Rxb1 cxb1=Q 32. Qxb1 Qxb1+ 33. Rxb1 Bxd3 34.
Rc1 Rb8 35. Be3 Rb1 36. Rxb1 Bxb1 37. Bxc5 Bxc5 38. Nf6+ Kh8 39. Bc6 Bd4 40.
Be8 Bxe5 41. Ng4 f6 42. Nxe5 fxe5 43. Bf7 Ba2 44. Kg2 Bd5+ 45. Kh3 Bb3 46. Kh4
Bc4 47. Kg5 e4 48. Kf6 Bd5 49. Ke5 Bc4 50. Kxe4 Ba2 51. Ke5 Bb3 52. Bxe6 Bd1
53. Kf6 Bc2 54. Bd5 Bd3 55. f3 Bc2 56. Be4 Bd1 57. f4 Be2 58. Bxg6 hxg6 59.
Kxg6 Bb5 60. g4 Be8+ 61. Kf6 Kh7 62. g5 Ba4 63. f5 Bb3 64. Ke7 Bc4 65. f6 Kg8
66. g6 Kh8 67. f7 1-0

[Event "43. Olimpiada Batumi 2018 Femenina"]
[Site "Batumi GEO"]
[Date "2018.09.26"]
[Round "3.3"]
[White "Kojima, Natsumi"]
[Black "Zairbek kyzy, Begimay"]
[Result "0-1"]
[WhiteElo "1655"]
[BlackElo "1770"]
[PlyCount "60"]
[EventDate "2018.09.24"]
[EventType "team-swiss"]
[EventRounds "11"]
[EventCountry "GEO"]
[SourceTitle "Ajedrez en Madrid"]
[Source "lmi"]
[SourceDate "2018.09.24"]
[WhiteTeam "Japan"]
[BlackTeam "Kyrgyzstan"]
[WhiteTeamCountry "JPN"]
[BlackTeamCountry "KGZ"]

1. e4 c6 2. d4 d5 3. exd5 cxd5 4. Bd3 Nf6 5. h3 g6 6. Nf3 Nc6 7. c3 Bf5 8. Bxf5
gxf5 9. Ne5 Rg8 10. Qf3 e6 11. Bf4 Qb6 12. Nd3 Ne7 13. Nd2 Ng6 14. Bg3 Ne4 15.
Qe2 Bh6 16. Nf1 f4 17. f3 Nxg3 18. Nxg3 fxg3 19. O-O Nf4 20. Nxf4 Bxf4 21. Qc2
Rg7 22. Kh1 O-O-O 23. a4 Qc7 24. Rfb1 Kb8 25. a5 Rc8 26. Qd1 Rg6 27. Qe2 Qc4
28. Qe1 Rh6 29. Kg1 Qd3 30. Rd1 Qc2 0-1

[Event "43. Olimpiada Batumi 2018 Femenina"]
[Site "Batumi GEO"]
[Date "2018.09.26"]
[Round "3.4"]
[White "Usupbekova, Zarina"]
[Black "Shibata, Misaki"]
[Result "1-0"]
[WhiteElo "1572"]
[BlackElo "1605"]
[PlyCount "89"]
[EventDate "2018.09.24"]
[EventType "team-swiss"]
[EventRounds "11"]
[EventCountry "GEO"]
[SourceTitle "Ajedrez en Madrid"]
[Source "lmi"]
[SourceDate "2018.09.24"]
[WhiteTeam "Kyrgyzstan"]
[BlackTeam "Japan"]
[WhiteTeamCountry "KGZ"]
[BlackTeamCountry "JPN"]

1. e4 e6 2. d4 d5 3. Nd2 Nf6 4. e5 Nfd7 5. Bd3 c5 6. c3 Nc6 7. Ne2 Qb6 8. Nf3
cxd4 9. cxd4 f6 10. exf6 Nxf6 11. O-O Bd6 12. a3 O-O 13. b4 Bd7 14. Re1 e5 15.
dxe5 Nxe5 16. Ned4 Nxf3+ 17. Nxf3 Ng4 18. Rf1 Rae8 19. Qc2 h6 20. Bb2 Be5 21.
Nxe5 Nxe5 22. Bh7+ Kh8 23. Rae1 d4 24. Rd1 Nc6 25. Be4 Bg4 26. Rd2 Rf4 27. Bxc6
bxc6 28. h3 Bf5 29. Qc4 Be6 30. Qd3 Rd8 31. Re1 Bf5 32. Qg3 Re4 33. Rxe4 Bxe4
34. Qf4 Bd5 35. Bxd4 Qb7 36. Qxh6+ Kg8 37. Qe3 a6 38. Re2 Qf7 39. Bc5 Qg6 40.
f3 Qb1+ 41. Re1 Qg6 42. Qe7 Ra8 43. Kh2 a5 44. bxa5 Rb8 45. a6 1-0

[Event "43. Olimpiada Batumi 2018 Femenina"]
[Site "Batumi GEO"]
[Date "2018.09.26"]
[Round "3.1"]
[White "Shih, Ching-An"]
[Black "Francis, Onkemetse"]
[Result "0-1"]
[WhiteElo "1546"]
[BlackElo "1779"]
[PlyCount "109"]
[EventDate "2018.09.24"]
[EventType "team-swiss"]
[EventRounds "11"]
[EventCountry "GEO"]
[SourceTitle "Ajedrez en Madrid"]
[Source "lmi"]
[SourceDate "2018.09.24"]
[WhiteTeam "Chinese Taipei"]
[BlackTeam "Botswana"]
[BlackTeamCountry "BOT"]

1. d4 d5 2. Nf3 Nf6 3. e3 Bf5 4. c4 c6 5. Nc3 e6 6. Be2 h6 7. O-O Nbd7 8. b3
Bd6 9. Bb2 O-O 10. h3 Re8 11. cxd5 exd5 12. Bd3 Bxd3 13. Qxd3 Ne4 14. Qc2 Ndf6
15. Rac1 Qe7 16. Rfd1 Rac8 17. Qe2 Nxc3 18. Bxc3 Ne4 19. Bb2 Qf6 20. Rc2 Re7
21. Rdc1 Rce8 22. Qd1 Ng5 23. Ne5 Qf5 24. Qg4 Qxg4 25. Nxg4 f6 26. a3 Nf7 27.
Nh2 Ng5 28. Nf1 Kf7 29. Nd2 f5 30. Rd1 f4 31. Nf1 fxe3 32. Nxe3 Bf4 33. Bc1
Bxe3 34. Bxe3 Ne4 35. Rdc1 Nd6 36. g4 Re4 37. Kg2 Nb5 38. a4 Nxd4 39. Rb2 a6
40. Rd1 Ne6 41. Rbd2 Rb4 42. Rb2 Rd8 43. Kg3 c5 44. Rbb1 Rd7 45. f4 c4 46. f5
Nd8 47. bxc4 Rxc4 48. Rd4 Rc3 49. Kf4 Nc6 50. Rd2 Rc4+ 51. Kf3 Rxa4 52. Rdb2 b5
53. Rc1 Ne5+ 54. Ke2 Nc4 55. Rbc2 0-1

[Event "43. Olimpiada Batumi 2018 Femenina"]
[Site "Batumi GEO"]
[Date "2018.09.26"]
[Round "3.2"]
[White "Botlhole, Kgalalelo"]
[Black "Wong, Linda Jane"]
[Result "0-1"]
[WhiteElo "1719"]
[BlackElo "1378"]
[PlyCount "124"]
[EventDate "2018.09.24"]
[EventType "team-swiss"]
[EventRounds "11"]
[EventCountry "GEO"]
[SourceTitle "Ajedrez en Madrid"]
[Source "lmi"]
[SourceDate "2018.09.24"]
[WhiteTeam "Botswana"]
[BlackTeam "Chinese Taipei"]
[WhiteTeamCountry "BOT"]

1. d4 d5 2. Nf3 c6 3. Bf4 e6 4. e3 Qb6 5. Qc1 Nd7 6. Bd3 f5 7. Nbd2 Ngf6 8. Ne5
Be7 9. Ndf3 Ne4 10. Nxd7 Bxd7 11. Ne5 g5 12. Nxd7 Kxd7 13. Be5 Rhf8 14. c3 Bf6
15. Bxe4 fxe4 16. Bxf6 Rxf6 17. Qc2 Raf8 18. Rf1 Qc7 19. g3 h5 20. O-O-O Rf3
21. Rd2 Kc8 22. Re1 h4 23. c4 Qa5 24. Ree2 Qxa2 25. cxd5 exd5 26. Qc5 Qa1+ 27.
Kc2 Qa4+ 28. Kb1 hxg3 29. hxg3 Rh8 30. Re1 Rh2 31. Qe7 Qa5 32. Red1 Qd8 33.
Qe6+ Kb8 34. Qe5+ Kc8 35. Qe6+ Kc7 36. Qe5+ Kb6 37. Rf1 Qf6 38. Qe8 Rfxf2 39.
Rdxf2 Rxf2 40. Rxf2 Qxf2 41. Qd8+ Kb5 42. Qxg5 Qe1+ 43. Ka2 Qa5+ 44. Kb1 Qd2
45. Qe7 b6 46. Qa3 Qe1+ 47. Kc2 Qxg3 48. b3 Qf2+ 49. Kd1 Qf1+ 50. Kc2 Qe2+ 51.
Kb1 Qd1+ 52. Kb2 Qd2+ 53. Kb1 Qb4 54. Qa2 Qe1+ 55. Kc2 Qe2+ 56. Kb1 Qxa2+ 57.
Kxa2 Kb4 58. Kb2 c5 59. Kc2 a5 60. Kb2 cxd4 61. exd4 e3 62. Kc2 e2 0-1

[Event "43. Olimpiada Batumi 2018 Femenina"]
[Site "Batumi GEO"]
[Date "2018.09.26"]
[Round "3.3"]
[White "Wang, Mi"]
[Black "Ndachipiwa, Kgomotso"]
[Result "1/2-1/2"]
[WhiteElo "1585"]
[BlackElo "1611"]
[PlyCount "103"]
[EventDate "2018.09.24"]
[EventType "team-swiss"]
[EventRounds "11"]
[EventCountry "GEO"]
[SourceTitle "Ajedrez en Madrid"]
[Source "lmi"]
[SourceDate "2018.09.24"]
[WhiteTeam "Chinese Taipei"]
[BlackTeam "Botswana"]
[BlackTeamCountry "BOT"]

1. e4 e5 2. Nf3 Nf6 3. Nxe5 d6 4. Nf3 Nxe4 5. d4 d5 6. Bd3 Be7 7. O-O Bg4 8.
Re1 Nc6 9. Bxe4 dxe4 10. Rxe4 Bxf3 11. Qxf3 Nxd4 12. Qd3 Ne6 13. Qe2 O-O 14.
Nc3 c6 15. Be3 Qc7 16. Rd1 a6 17. Bc1 Rad8 18. Rg4 Rxd1+ 19. Qxd1 Rd8 20. Qe2
Qd7 21. h3 Bf6 22. Be3 Nd4 23. Bxd4 Bxd4 24. Kf1 Bxc3 25. bxc3 Re8 26. Rd4 Qc8
27. Qd2 Qe6 28. Rd8 g6 29. Rxe8+ Qxe8 30. Qf4 Qe7 31. Qb4 Qd7 32. Qd4 Qe7 33.
Qb6 Qd6 34. Qd4 Qe6 35. c4 Qe7 36. c5 Qc7 37. Qb4 Qd7 38. Qb1 Qd5 39. Kg1 Qxc5
40. Qxb7 Qxc2 41. Qxa6 c5 42. a4 c4 43. Qc8+ Kg7 44. a5 c3 45. a6 Qd1+ 46. Kh2
c2 47. a7 c1=Q 48. Qxc1 Qxc1 49. a8=Q Qf4+ 50. Kg1 Qc1+ 51. Kh2 Qf4+ 52. Kg1
1/2-1/2

[Event "43. Olimpiada Batumi 2018 Femenina"]
[Site "Batumi GEO"]
[Date "2018.09.26"]
[Round "3.4"]
[White "Besa, Masaiti"]
[Black "Cho, Hung-Ling"]
[Result "0-1"]
[WhiteElo "1777"]
[BlackElo "1575"]
[PlyCount "104"]
[EventDate "2018.09.24"]
[EventType "team-swiss"]
[EventRounds "11"]
[EventCountry "GEO"]
[SourceTitle "Ajedrez en Madrid"]
[Source "lmi"]
[SourceDate "2018.09.24"]
[WhiteTeam "Botswana"]
[BlackTeam "Chinese Taipei"]
[WhiteTeamCountry "BOT"]

1. d4 e6 2. Bf4 Nf6 3. e3 Be7 4. Nf3 O-O 5. Nbd2 d5 6. Bd3 Nbd7 7. Ne5 c5 8. c3
Nxe5 9. Bxe5 Nd7 10. Bf4 f5 11. h3 Bg5 12. Bd6 Be7 13. Bxe7 Qxe7 14. Qf3 Qd6
15. g4 f4 16. O-O-O fxe3 17. Qxe3 cxd4 18. Qxd4 e5 19. Qe3 Nc5 20. Nc4 Nxd3+
21. Rxd3 Qa6 22. Nxe5 Qxa2 23. Rhd1 Qa1+ 24. Kc2 Qa4+ 25. Kb1 Be6 26. Rd4 Qa6
27. f4 Rae8 28. Qd2 Qb5 29. Re1 Qa6 30. f5 Rxf5 31. Nd3 Rf6 32. Nc5 Qc6 33.
Nxe6 Rfxe6 34. Rxe6 Qxe6 35. Rxd5 Qe1+ 36. Kc2 Re2 37. Rd8+ Kf7 38. Rd7+ Ke6
39. Rd6+ Ke5 40. Rd5+ Ke4 41. Rd4+ Kf3 42. Rd3+ Kg2 43. Qxe2+ Qxe2+ 44. Rd2
Qxd2+ 45. Kxd2 Kxh3 46. g5 Kg4 47. Ke3 Kxg5 48. c4 Kf5 49. b4 Ke5 50. b5 g5 51.
Kf3 h5 52. Ke3 g4 0-1

[Event "43. Olimpiada Batumi 2018 Femenina"]
[Site "Batumi GEO"]
[Date "2018.09.26"]
[Round "3.1"]
[White "Heredia Serrano, Carla"]
[Black "Figueroa, Any"]
[Result "1-0"]
[WhiteElo "2159"]
[BlackElo "1739"]
[PlyCount "51"]
[EventDate "2018.09.24"]
[EventType "team-swiss"]
[EventRounds "11"]
[EventCountry "GEO"]
[SourceTitle "Ajedrez en Madrid"]
[Source "lmi"]
[SourceDate "2018.09.24"]
[WhiteTeam "Ecuador"]
[BlackTeam "Honduras"]
[WhiteTeamCountry "ECU"]
[BlackTeamCountry "HON"]

1. e4 e6 2. d4 d5 3. Nc3 dxe4 4. Nxe4 Bd7 5. Nf3 Bc6 6. Bd3 Nd7 7. O-O Ngf6 8.
Ng3 Be7 9. c4 O-O 10. b3 Bxf3 11. Qxf3 c6 12. Bb2 Qa5 13. Rfe1 Ba3 14. Bxa3
Qxa3 15. Ne4 Nxe4 16. Rxe4 Nf6 17. Rh4 h5 18. Re1 Qxa2 19. Rf4 Rfd8 20. Rxf6
gxf6 21. Qxf6 Qd2 22. Re3 Qd1+ 23. Bf1 Qxd4 24. Qe7 Qd7 25. Rg3+ Kh7 26. Bd3+
1-0

[Event "43. Olimpiada Batumi 2018 Femenina"]
[Site "Batumi GEO"]
[Date "2018.09.26"]
[Round "3.2"]
[White "Ortiz, Katherine Berenice"]
[Black "Ortiz Verdesoto, Anahi"]
[Result "1/2-1/2"]
[WhiteElo "1822"]
[BlackElo "1954"]
[PlyCount "80"]
[EventDate "2018.09.24"]
[EventType "team-swiss"]
[EventRounds "11"]
[EventCountry "GEO"]
[SourceTitle "Ajedrez en Madrid"]
[Source "lmi"]
[SourceDate "2018.09.24"]
[WhiteTeam "Honduras"]
[BlackTeam "Ecuador"]
[WhiteTeamCountry "HON"]
[BlackTeamCountry "ECU"]

1. d4 Nf6 2. e3 e6 3. Bd3 b6 4. Nf3 Bb7 5. c4 Be7 6. Nc3 d5 7. O-O O-O 8. b3
Nbd7 9. Bb2 c5 10. cxd5 exd5 11. Rc1 Rc8 12. Re1 Ne4 13. Nd2 Nxd2 14. Qxd2 cxd4
15. exd4 Nf6 16. Bf5 Rc6 17. f3 Bd6 18. Nb5 Rxc1 19. Qxc1 Bb8 20. Ba3 Re8 21.
Rxe8+ Nxe8 22. Qe3 Nf6 23. Qe7 Qe8 24. Qxe8+ Nxe8 25. g3 Bc6 26. Bd3 g6 27. Kf2
h5 28. Be7 Kg7 29. a4 f6 30. Bb4 Kf7 31. Nc3 Ng7 32. f4 h4 33. Kf3 Ne6 34. Ne2
hxg3 35. hxg3 Bb7 36. Ba3 a6 37. Bb4 Bc7 38. Ba3 Bc8 39. Bb4 Ng7 40. g4 Ne6
1/2-1/2

[Event "43. Olimpiada Batumi 2018 Femenina"]
[Site "Batumi GEO"]
[Date "2018.09.26"]
[Round "3.3"]
[White "Romero Echeverria, Abigail"]
[Black "Garcia, Marcella"]
[Result "1-0"]
[WhiteElo "2034"]
[BlackElo "1755"]
[PlyCount "62"]
[EventDate "2018.09.24"]
[EventType "team-swiss"]
[EventRounds "11"]
[EventCountry "GEO"]
[SourceTitle "Ajedrez en Madrid"]
[Source "lmi"]
[SourceDate "2018.09.24"]
[WhiteTeam "Ecuador"]
[BlackTeam "Honduras"]
[WhiteTeamCountry "ECU"]
[BlackTeamCountry "HON"]

1. e4 c5 2. Nf3 d6 3. c3 Nf6 4. Be2 Nc6 5. d4 cxd4 6. cxd4 e6 7. Nc3 Be7 8. O-O
O-O 9. Bd3 e5 10. d5 Nb4 11. Be2 h6 12. h3 Na6 13. Be3 Nh7 14. Qd2 f5 15. exf5
Bxf5 16. Nb5 b6 17. Nxd6 Bxd6 18. Bxa6 Bxh3 19. gxh3 Rxf3 20. Be2 Rxh3 21. Kg2
Rh2+ 22. Kxh2 e4+ 23. Kg2 Qf6 24. Rg1 Qh4 25. Rh1 Qf6 26. Rag1 Ng5 27. Qc3 Be5
28. Qc6 Qxc6 29. dxc6 Bxb2 30. Bc4+ Kf8 31. Bxg5 hxg5 1-0

[Event "43. Olimpiada Batumi 2018 Femenina"]
[Site "Batumi GEO"]
[Date "2018.09.26"]
[Round "3.4"]
[White "Garcia, Andrea Nicole"]
[Black "Sarmiento Robles, Paula"]
[Result "0-1"]
[WhiteElo "1698"]
[BlackElo "1750"]
[PlyCount "80"]
[EventDate "2018.09.24"]
[EventType "team-swiss"]
[EventRounds "11"]
[EventCountry "GEO"]
[SourceTitle "Ajedrez en Madrid"]
[Source "lmi"]
[SourceDate "2018.09.24"]
[WhiteTeam "Honduras"]
[BlackTeam "Ecuador"]
[WhiteTeamCountry "HON"]
[BlackTeamCountry "ECU"]

1. e4 e6 2. d4 d5 3. exd5 exd5 4. Nf3 Bd6 5. Bd3 Ne7 6. c3 Bf5 7. O-O Bxd3 8.
Qxd3 c6 9. Re1 f6 10. Nbd2 O-O 11. Nf1 Re8 12. Ng3 Nd7 13. Nh4 Qc7 14. Bd2 Nf8
15. Qf3 Nfg6 16. Nxg6 Nxg6 17. Qf5 Qf7 18. Qg4 Rxe1+ 19. Rxe1 Re8 20. Rxe8+
Qxe8 21. Nf5 Bf4 22. Ne3 Qe4 23. Qe2 Kf7 24. g3 Bxe3 25. Bxe3 Qb1+ 26. Kg2 Qxa2
27. f4 Qb1 28. Bf2 Qe4+ 29. Qxe4 dxe4 30. Be3 f5 31. d5 cxd5 32. Bxa7 Ne7 33.
Kf2 Nc6 34. Be3 Ke6 35. b4 d4 36. Bxd4 Nxd4 37. cxd4 Kd5 38. Ke3 Kc4 39. g4 g6
40. g5 Kxb4 0-1

[Event "43. Olimpiada Batumi 2018 Femenina"]
[Site "Batumi GEO"]
[Date "2018.09.26"]
[Round "3.1"]
[White "Nabaa, Sami Abbas Al-Attra"]
[Black "Agrest, Inna"]
[Result "0-1"]
[WhiteElo "1831"]
[BlackElo "2283"]
[PlyCount "118"]
[EventDate "2018.09.24"]
[EventType "team-swiss"]
[EventRounds "11"]
[EventCountry "GEO"]
[SourceTitle "Ajedrez en Madrid"]
[Source "lmi"]
[SourceDate "2018.09.24"]
[WhiteTeam "Iraq"]
[BlackTeam "Sweden"]
[WhiteTeamCountry "IRQ"]
[BlackTeamCountry "SWE"]

1. d4 Nf6 2. c4 g6 3. Nc3 Bg7 4. Nf3 O-O 5. e4 d6 6. Be2 Nbd7 7. O-O e5 8. d5
Nc5 9. Nd2 a5 10. b3 Ne8 11. a3 f5 12. Rb1 Nf6 13. f3 Bh6 14. b4 axb4 15. axb4
Be3+ 16. Kh1 Na6 17. Nb3 Bxc1 18. Nxc1 f4 19. Qe1 g5 20. Nd3 h5 21. c5 Qe7 22.
Qf2 g4 23. cxd6 cxd6 24. Qh4 Nxd5 25. Qxe7 Nxe7 26. Rfd1 Nc7 27. Nf2 g3 28.
hxg3 fxg3 29. Nd3 Nc6 30. Nc1 Nd4 31. Bc4+ Be6 32. Bxe6+ Ncxe6 33. N1e2 h4 34.
Nxd4 Nxd4 35. Nd5 Ra2 36. Ne7+ Kf7 37. Nf5 Nxf5 38. exf5 Ke7 39. Rdc1 Rxf5 40.
Rc7+ Ke6 41. Rxb7 Rf4 42. Kg1 Rd4 43. Rh7 Rxb4 44. Rh6+ Kd7 45. Rh7+ Kc6 46.
Rc1+ Kd5 47. Rh5 Rab2 48. Rd1+ Rd4 49. Rc1 Rdd2 50. Rxh4 Rxg2+ 51. Kh1 Rh2+ 52.
Rxh2 Rxh2+ 53. Kg1 Rf2 54. Rd1+ Ke6 55. Rd3 d5 56. Kh1 d4 57. Ra3 Kf5 58. Kg1
Kf4 59. Ra8 Kxf3 0-1

[Event "43. Olimpiada Batumi 2018 Femenina"]
[Site "Batumi GEO"]
[Date "2018.09.26"]
[Round "3.2"]
[White "Fransson, Angelina"]
[Black "A-Ali, Sali Abbas Abdulzah"]
[Result "0-1"]
[WhiteElo "2004"]
[BlackElo "1848"]
[PlyCount "66"]
[EventDate "2018.09.24"]
[EventType "team-swiss"]
[EventRounds "11"]
[EventCountry "GEO"]
[SourceTitle "Ajedrez en Madrid"]
[Source "lmi"]
[SourceDate "2018.09.24"]
[WhiteTeam "Sweden"]
[BlackTeam "Iraq"]
[WhiteTeamCountry "SWE"]
[BlackTeamCountry "IRQ"]

1. e4 e6 2. d3 c5 3. g3 Nc6 4. Bg2 g6 5. f4 Nge7 6. Nf3 Bg7 7. O-O O-O 8. c3 d6
9. Be3 Rb8 10. Bf2 b5 11. d4 cxd4 12. cxd4 d5 13. e5 a5 14. Nc3 Ba6 15. Re1 Qb6
16. Qd2 Rfc8 17. g4 Bh6 18. h4 a4 19. Ng5 Qa5 20. Qe3 b4 21. Ne2 b3 22. a3 Bxe2
23. Rxe2 Qa6 24. Be1 Nxd4 25. Rf2 Nc2 26. Qg3 Nxa1 27. Bf1 Qb6 28. Bc3 Nc2 29.
Bd3 Qe3 30. Qxe3 Nxe3 31. Rf3 Nd1 32. f5 Bxg5 33. hxg5 Nxc3 0-1

[Event "43. Olimpiada Batumi 2018 Femenina"]
[Site "Batumi GEO"]
[Date "2018.09.26"]
[Round "3.3"]
[White "Al-Fayyadh, Zainab Asif Abdulah"]
[Black "Blazekovic, Nina"]
[Result "1/2-1/2"]
[WhiteElo "1705"]
[BlackElo "1819"]
[PlyCount "108"]
[EventDate "2018.09.24"]
[EventType "team-swiss"]
[EventRounds "11"]
[EventCountry "GEO"]
[SourceTitle "Ajedrez en Madrid"]
[Source "lmi"]
[SourceDate "2018.09.24"]
[WhiteTeam "Iraq"]
[BlackTeam "Sweden"]
[WhiteTeamCountry "IRQ"]
[BlackTeamCountry "SWE"]

1. e4 c5 2. Nc3 Nc6 3. g3 g6 4. Bg2 Bg7 5. d3 e6 6. f4 Nge7 7. Nf3 O-O 8. O-O
b6 9. Be3 d5 10. Bf2 Bb7 11. Rb1 Rc8 12. Ne2 Qc7 13. c3 Rfd8 14. Qc2 Ba6 15. e5
Qd7 16. g4 d4 17. c4 b5 18. b3 bxc4 19. bxc4 Rb8 20. Ng3 Rb4 21. Ne4 Rdb8 22.
Nxc5 Qc8 23. Nxa6 Qxa6 24. Nxd4 Nxd4 25. Bxd4 Nc6 26. Bc5 R4b7 27. Rxb7 Rxb7
28. Rb1 h5 29. gxh5 g5 30. Rxb7 Qxb7 31. Bxc6 Qxc6 32. Bxa7 Qf3 33. Bf2 Qg4+
34. Kf1 gxf4 35. d4 f3 36. Be3 Qh3+ 37. Ke1 Qh4+ 38. Qf2 Qe4 39. Kd2 Qb7 40.
Kc3 Qb1 41. h6 Qa1+ 42. Qb2 Qe1+ 43. Bd2 Qe4 44. Qc1 f2 45. Qf1 Qf3+ 46. Kc2
Bf8 47. c5 Be7 48. a4 Bh4 49. a5 Qe4+ 50. Kc3 Qf3+ 51. Kb4 Qe4 52. Kc3 Qf3+ 53.
Kc4 Qd5+ 54. Kc3 Qf3+ 1/2-1/2